O cenách ve zdravotnictví. Ceny veřejných statků. 8.

Osma časť seriálu obsahuje problematiku cien liečiv, zdravotníckych výrobkov a zdravotnej starostlivosti. Charakteristika súčasnej distribúcie liečiv a regulácie ich cien. V cieľovom stave sa predpokladá plné vlastnícke oddelenie výrobcov, jednotnej siete zdravotnej starostlivosti a distribútorov s...

Descripción completa

Guardado en:
Detalles Bibliográficos
Autor principal: Šíp, E.
Otros Autores: Fürstová, J.
Formato: Capítulo de libro
Lenguaje:checo
Materias:
Etiquetas: Agregar Etiqueta
Sin Etiquetas, Sea el primero en etiquetar este registro!

MARC

LEADER 00000naa a2200000 4500
001 r008053
005 20220831083857.4
041 0 |a cze 
044 |a [CS] 
245 1 0 |a O cenách ve zdravotnictví.  |b Ceny veřejných statků. 8.  |c E. Šíp, J. Fürstová 
520 |a Osma časť seriálu obsahuje problematiku cien liečiv, zdravotníckych výrobkov a zdravotnej starostlivosti. Charakteristika súčasnej distribúcie liečiv a regulácie ich cien. V cieľovom stave sa predpokladá plné vlastnícke oddelenie výrobcov, jednotnej siete zdravotnej starostlivosti a distribútorov s tým, že štát si udrží regulačnú pôsobnosť len v oblasti jednotnej siete. Popis súčasnej zdravotnej a kúpeľnej starostlivosti a budúcej úhrady lekárskych výkonov a financovania lekárskej a kúpeľnej starostlivosti. 
610 2 0 |a zdravotníctvo 
610 2 0 |a ČSFR 
610 2 0 |a starostlivosť zdravotná 
610 2 0 |a ceny 
610 2 0 |a liečivá 
610 2 0 |a regulácia cenová 
610 2 0 |a financovanie 
610 2 0 |a statky verejné 
100 1 |a Šíp, E. 
700 1 |a Fürstová, J.